| 000 | 00890 a2200217 4500 | ||
|---|---|---|---|
| 003 | Nust | ||
| 005 | 20230711085249.0 | ||
| 010 | _a 2002511525 | ||
| 040 | _cNust | ||
| 082 | 0 | 4 | _a530.1,LIB |
| 100 | 1 |
_aLiboff, Richard L., _963830 |
|
| 245 | 1 | 0 |
_aIntroductory quantum mechanics / _cRichard L. Liboff. |
| 246 | 3 | 0 | _aQuantum mechanics |
| 250 | _a4th ed. | ||
| 260 |
_aSan Francisco : _bAddison-Wesley, _cc2003. |
||
| 300 |
_axvii, 878 p. : _bill. ; _c25 cm. |
||
| 505 | _aElementary Principles and Applications to Problems in One Dimension (Page-1), Further Development of the Theory and Applications to Problems in Three Dimensions (Page-361), Additional Remarks on the [actual symbol not reproducible] Representations (Page-847). | ||
| 650 | 0 |
_aQuantum theory. _9177 |
|
| 856 | 4 | 1 |
_3Table of contents _uhttp://www.loc.gov/catdir/toc/fy034/2002511525.html |
| 942 |
_2ddc _cBK _k530.1,LIB |
||
| 999 |
_c180633 _d180633 |
||